Logo BPK

Biblioteka

Politechniki Koszalińskiej

Staticeskie i dinamiceskie zadaci uprugosti i vjazkouprugosti / (Rekord nr 28229)

Szczegóły MARC
000 -ETYKIETA REKORDU
podpole kontrolne o stałej długości 00369nam a2200133 i 4500
001 - NUMER KONTROLNY REKORDU
pole kontrolne bg
040 ## - ŹRÓDŁO KATALOGOWANIA
Instytucja, która utworzyła rekord BPK
041 ## - KOD JĘZYKA
Kod języka tekstu pol
080 ## - UNIWERSALNA KLASYFIKACJA DZIESIĘTNA - UKD
UKD 539.3/.6
008 - POLE O STAŁEJ DŁUGOŚCI - DANE KONTROLNE
podpole kontrolne o stałej długości s pl f |000 0 pol
245 #0 - TYTUŁ/ODPOWIEDZIALNOŚĆ
Tytuł Staticeskie i dinamiceskie zadaci uprugosti i vjazkouprugosti /
Pozostałe elementy strefy tytułu i oznaczenia odpowiedzialności Akademija Nauk SSSR. Ural'skij Naucnyj Centr.
260 ## - STREFA ADRESU WYDAWNICZEGO
Miejsce wydania Sverdlovsk,
Data publikacji, dystrybucji/powstania dokumentu 1983.
942 ## - DODATKOWE ELEMENTY (KOHA)
Typ dokumentu Książka
Egzemplarze
Wycofany Status egzemplarza Uszkodzony Dostępność Lokalizacja stała Lokalizacja bieżąca Miejsce przechowywania Sygnatura Kod kreskowy Typ dokumentu
      Dostępny Biblioteka Politechniki Koszalińskiej Biblioteka Politechniki Koszalińskiej Wypożyczalnia BG 32683 01962277 Książka
© 2023 Biblioteka Politechniki Koszalińskiej :: KOHA